Fast food Nîmes - Statistiques

Statistiques générales
  • Ce quiz a été pris 15 fois
  • Le résultat moyen est 2 sur 10
Statistiques - réponses
Hint Réponse % Correct
2 Chicken Street
57%
4 Pizz' Burg
50%
1 Chô Chaï
29%
3 Big Fernand
21%
7 Pepe Chicken
21%
8 Bigg Burger
7%
10 Chicken Chips
0%
6 Food Night 30
0%
9 Grillade Tacos Gambetta
0%
5 RCG Burger
0%
Aucun quiz correspondant
Distribution des résultats
% des personnes avec chaque résultat
Percentile par nombre de réponses
Votre historique - résultats
Vous n’avez pas pris ce quiz